Test z wiedzy o Mamm0nie! - Statystyki

Ogólne statystyki
  • Ten quiz został rozwiązany 453 razy
  • Średni wynik to 10 z 16
Statystyki odpowiedzi
Hint Odpowiedź % Poprawnych
Czy Mammon mieszka z rodzicami? Tak
95%
Imię Mammona Kamil
94%
Miasto zamieszkania Płock
92%
Wierny fan Mammona (podpowiedź: jeden ze znajomych Dawida Jaspera z discorda) Tubson
89%
Rok urodzenia 1987
87%
Ulubiona wędlina Mammona Mortadela
87%
W jakiej grze Mammon nie chce chodzić na topa? League of Legends
82%
Pojazd, którym się porusza Mammon Wózek inwalidzki
79%
Ile kilometrów od niego "rzekomo" mieszkają jego rodzice? 100
72%
Ile miesięcy suba miał widz, którego Mammon zbanował za poradę zjedzenia rozdymki w Minecraft? 12
71%
Gra, w której jest proplayerem i gra w nią 15 lat CSGO
71%
dokończ: Nice .... f*cking idiot flash
68%
W jakie miejsce Mammon często się udaje? Policja
36%
Kto obrażał często Mammona? Dawid Jasper
13%
Co można powiedzieć osobie, która gada głupoty? (określenie wzięte od nazwy naszego bohatera) mamonisz
5%
Czemu Mammon często ginie w grach? (Jak to zgadniesz to jesteś Mammoniarem/Mammoniarą specjalnie tak robi
1%
Nie znaleziono quizów pasujących do podanych kryteriów
Rozkład punktacji
Procent ludzi z każdym wynikiem
Percentyl według liczby udzielonych odpowiedzi
Twoja historia wyników
Nie rozwiązałeś tego quizu